000 00604nam a22002057a 4500
999 _c14669
_d14669
003 MIRAKIL
005 20211209104427.0
008 211209b tu ||||| |||| 00| 0 tur d
040 _aTR-AnCHP
_cTR-AnCHP
041 _atur
082 _a843.91
_bS26b 1964
100 1 _aSartre, Jean Paul
245 1 0 _aBulantı/
_cJean Paul Sartre; çeviren Selahattin Hilav
260 _aİstanbul:
_bAtaç Kitabevi
_c1964.
300 _a183 s.:
_c19 sm.
490 0 _aAtaç Kitabevi Yayınları,
_v79.
650 0 _95051
_aFransız Edebiyatı
_xRoman
700 _96870
_aHilav, Selahattin
_eçev.
942 _2ddc
_cBKS